banner-ar

نظم الحفظ والاسترجاع / (Record no. 67093)

MARC details
000 -الفاتح
حقل البيانات ثابتة الطول 01085nam a22002657a 4500
005 - وقت وتاريخ اخر تعامل مع التسجيلة
رقم الضبط 20240530110956.0
008 - عناصر البيانات ثابتة الطول - معلومات عامة
حقل البيانات ثابتة الطول 181218s2006 ua ak g b 00| 0 ara d
020 ## - الرقم الدولى المعيارى للكتب
الرقم الدولى المعيارى للكتاب 9773370518
040 ## - مصدر الفهرسة
وكالة الفهرسة الأصلية EG-CaGPL
وكالة النسخ EG-CaGPL
082 04 - رقم تصنيف ديوى العشرى
رقم الطبعة 21
رقم التصنيف 651.374 /
رقم المادة خ ن
110 ## - المدخل الرئيسى - إسم هيئة
اسم الهيئة أو اسم السلطة كمدخل خبراء مركز الخبرات المهنية للادارة ( بميك )
245 10 - بيان العنوان
العنوان نظم الحفظ والاسترجاع /
بيان المسئوليه,etc اعداد خبراء مركز الخبرات المهنية للادارة ( بميك ) ؛ مشرف عبدالرحمن توفيق .
250 ## - بيان الطبعة
بيان الطبعة ط.4
260 ## - PUBLICATION, DISTRIBUTION, ETC. (IMPRINT)
تاريخ النشر أو التوزيع 2006.
300 ## - الوصف المادى
التعداد 61 ص. :
أبعاد الوعاء 30 سم.
490 ## - بيان السلسلة
عنوان السلسلة منهج مهارات السكرتارية
رقم المجلد/ التعيين التسلسلي ( 10 / 10 )
650 07 - المدخل الاضافى بالموضوع-مصطلح موضوعى
مصدر الرأس أو المصطلح qrmak
مصطلح موضوعي الادارة
650 07 - المدخل الاضافى بالموضوع-مصطلح موضوعى
مصدر الرأس أو المصطلح qrmak
مصطلح موضوعي المحفوظات
650 07 - المدخل الاضافى بالموضوع-مصطلح موضوعى
مصدر الرأس أو المصطلح qrmak
مصطلح موضوعي الوثائق
650 07 - المدخل الاضافى بالموضوع-مصطلح موضوعى
مصدر الرأس أو المصطلح qrmak
مصطلح موضوعي الميكروفيلم
651 ## - المدخل الاضافى بالموضوع - اسم جغرافى
مصدر الرأس أو المصطلح qrmak
700 0# - المدخل الاضافى - اسم شخصى
الإسم الشخصى عبدالرحمن توفيق
الدور مشرف
942 ## - عناصر المدخل الإضافي( كوها)
مصدر التصنيف او مخطط الترفيف Dewey Decimal Classification
Koha [default] item type كتاب
260 ## - PUBLICATION, DISTRIBUTION, ETC. (IMPRINT)
-- القاهرة :
-- مركز الخبرات المهنية للادارة (ببميك) ،
Holdings
حالة التراجع حالة الفقد حالة تلف ليس للاعارة المكان المؤقت الموقع الحالى موقع الترفيف تاريخ الاكتساب اجمالي اﻻعارات رقم الطلب الباركود تاريخ اخر مشاهدة تاريخ تفعيل السعر نوع وعاء كوها
        مكتبة القاهرة الكبرى مكتبة القاهرة الكبرى ق الرئيسية_الإدارة_ك عربى 01/02/2023   651.374 / خ ن 169123 01/02/2023 01/02/2023 كتاب

Powered By

EGPV